| 000 | 00517nam a22001937a 4500 | ||
|---|---|---|---|
| 003 | MPLRDC | ||
| 005 | 20220104155549.0 | ||
| 008 | 210129b ||||| |||| 00| 0 eng d | ||
| 020 | _a957-30947-0-3 | ||
| 082 | _a294.1 CYK-2 | ||
| 100 | _a陈怡魁博士讲述 | ||
| 245 |
_a生存风水学 _c张茗阳编著 |
||
| 250 | _a初版 | ||
| 260 |
_a台湾 _b财团法人易学研究发展基金会 _c2000 |
||
| 300 | _b517 | ||
| 490 | _a生活易学系列. 1 | ||
| 650 | _a堪舆--相宅 | ||
| 942 |
_cBK _o294.1 CYK-2 |
||
| 999 |
_c54556 _d54546 |
||